The home book of verse American and English

Gespeichert in:
Bibliographische Detailangaben
1. Verfasser: STEVENSON, Burton Egbert
Format: Buch
Sprache:Englisch
Veröffentlicht: Holt, Rinehart and Winston, 1953.
Tags: Tag hinzufügen
Keine Tags, Fügen Sie den ersten Tag hinzu!

MARC

LEADER 00000nam a22000007a 4500
008 201215b ||||| |||| 00| 0 eng d
020 |a ISBN: 88141-0412 
100 |a STEVENSON, Burton Egbert 
245 |a The home book of verse  |b American and English  |c Egbert Burton Stevenson  |g . 4013p. 
250 |b 9th ed 
260 |b Holt, Rinehart and Winston,  |c 1953.  |h New York  |i 680869   |i 680870   |l PR1175 .St4  |m PR1175 .St4  |m American poetry 
942 |a lcc  |c BK  |e Olagoke,M.A  |f 15/12/2020 
952 |0 0  |1 0  |2 lcc  |4 0  |7 0  |9 528  |a HOL  |b ART  |c LP  |d 2020-12-15  |l 0  |r 2020-12-15 00:00:00  |w 2020-12-15  |y BK 
952 |0 0  |1 0  |2 lcc  |4 0  |7 0  |9 529  |a HOL  |b ART  |c LP  |d 2020-12-15  |l 0  |r 2020-12-15 00:00:00  |w 2020-12-15  |y BK 
999 |c 285  |d 285